02461nam a2200385 a 4500001001200000003000800012006001900020007001500039008004100054010001700095020002800112020001800140020002700158040002100185035002100206043001200227050002200239082001400261245012300275260005200398300002300450504006400473505095700537533015201494650004501646650005401691650003901745650005401784655002901838700002101867700002501888710001701913856012601930999001902056ebr10492919CaPaEBRm u cr cn|||||||||090626s2010 ilua sb 001 0 eng d z 2009025124 z0838910017 (alk. paper) z9780838910016 z9780838999325 (e-book) aCaPaEBRcCaPaEBR a(OCoLC)759158606 an-us---14aZ712b.M68 2010eb04a025.622200aMoving materialsh[electronic resource] :bphysical delivery in libraries /cedited by Valerie Horton and Bruce Smith. aChicago :bAmerican Library Association,c2010. avi, 207 p. :bill. aIncludes bibliographical references (p. 185-189) and index.0 apt. 1. The current landscape of physical delivery: Delivery : the forgotten function / Valerie Horton ; Factors influencing delivery options / Valerie Horton and Brenda Bailey-Hainer ; Physical delivery service organization / Bruce Smith -- pt. 2. Library delivery service models: Creating an in-house delivery system / Bruce Smith ; Outsourcing delivery services / Valerie Horton and Greg Pronevitz ; Contractual vendor relations / David Millikin and Brenda Bailey-Hainer -- pt. 3. Managing physical delivery services: Routing and materials management systems / Bruce Smith and Valerie Horton ; Growth management solutions / Valerie Horton, Ivan Gaetz, and Bruce Smith ; Managing participating libraries' relationships / Valerie Horton ; Managing the delivery service / Valerie Horton, Lisa Priebe, and Melissa Stockton -- pt. 4. The future of physical delivery: Home delivery / Lori Ayres and Jim Myers ; Connecting courier services / Valerie Horton. aElectronic reproduction.bPalo Alto, Calif. :cebrary,d2011.nAvailable via World Wide Web.nAccess may be limited to ebrary affiliated libraries. 0aDirect delivery of bookszUnited States. 0aLibrary materialsxTransportationzUnited States. 0aInterlibrary loanszUnited States. 0aLibrary cooperationzUnited StatesvCase studies. 7aElectronic books.2local1 aHorton, Valerie.1 aSmith, Bruce,d1967-2 aebrary, Inc.40uhttp://site.ebrary.com/lib/rucke/Doc?id=10492919zAn electronic book accessible through the World Wide Web; click to view c125464d125464